000 00224 a2200097 4500
001 5637
100 _aMickley,HS
245 _aApplied mathematics in chemical engineering
260 _a
_bMcGraw Hill
_c
090 _c4626
_d4626
942 _aNUST-CAE
_cM
_c30963
999 _c240710
_d240710